Śriman Nārāyaṇīyam = Shreeman Naaraayaneeyam
| Subtitles: | Shreeman Naaraayaneeyam Śriman Nārāyaṇīya |
|---|---|
| Main Author: | |
| Format: | Print Book |
| Language: | Sanskrit English |
| Subito Delivery Service: | Order now. |
| Check availability: | HBZ Gateway |
| WorldCat: | WorldCat |
| Interlibrary Loan: | Interlibrary Loan for the Fachinformationsdienste (Specialized Information Services in Germany) |
| Published: |
Mumbai [u.a.]
Giri Trading Agency
2003
|
| In: | Year: 2003 |
| Standardized Subjects / Keyword chains: | B
Sanskrit language
/ Religious poetry
B Krishna |
| Further subjects: | B
Fictional representation
|
MARC
| LEADER | 00000cam a2200000 c 4500 | ||
|---|---|---|---|
| 001 | 1179799291 | ||
| 003 | DE-627 | ||
| 005 | 20251225182433.0 | ||
| 007 | tu | ||
| 008 | 040218s2003 xx ||||| 00| ||san c | ||
| 035 | |a (DE-627)1179799291 | ||
| 035 | |a (DE-576)109799291 | ||
| 035 | |a (DE-599)BSZ109799291 | ||
| 035 | |a (OCoLC)314290159 | ||
| 035 | |a (IiNdDKA)145269-PBK | ||
| 040 | |a DE-627 |b ger |c DE-627 |e rakwb | ||
| 041 | |a san |a eng | ||
| 082 | 0 | |a 294.543 3 | |
| 082 | 0 | |a 3 | |
| 082 | 0 | |a 294.543 | |
| 100 | 0 | |0 (DE-588)119362929 |0 (DE-627)08017325X |0 (DE-576)16517658X |4 aut |a Nārāyaṇabhaṭṭapāda |d 1560-1648 | |
| 109 | |a Bhaṭṭa, Melpputtūr Nārāyaṇa 1560-1648 |a Melputtur Narayana Bhattariri 1560-1648 |a Bhattathiri, Melpathur Narayana 1560-1648 |a Nārāyaṇa Bhaṭṭa, Melpputtūr 1560-1648 |a Nārāyaṇa 1560-1648 |a Bhattathiripada, Meppathur Narayana 1560-1648 |a Nārāyaṇa Bhaṭṭa Sohn des Mātṛdatta 1560-1648 |a Bhaṭṭapāda, Nãrãyaṇa 1560-1648 |a Bhaṭṭanārāyan 1560-1648 |a Nārāyaṇa Bhattatiri 1560-1648 |a Nārāyaṇabhaṭṭa 1560-1648 |a Melpputtūr Nārāyaṇa Bhaṭṭa 1560-1648 |a Narayana Bhattatiri, Melputtur 1560-1648 |a Nārāyaṇabhaṭṭapāda 1560-1648 |a Nārāyaṇa Bhaṭṭapāda 1560-1648 |a Bhattathiri, Meppathur Narayana 1560-1648 |a Nārāyaṇa Bhaṭṭa de Melputtūr 1560-1648 |a Narayana Bhattathiri, Meppathur 1560-1648 |a Nārāyaṇa Bhaṭṭa 1560-1648 |a Meppathur Narayana Bhattathiri 1560-1648 |a Nārāyaṇa bhaṭṭa 1560-1648 |a Narayanabhatta 16.-17. Jh. 1560-1648 |a Melpathur Narayana Bhattathiri 1560-1648 |a Narayana Bhattathiripada Meppathur 1560-1648 |a Bhattatiri, Melputtur Narayana 1560-1648 |a Narayana Bhattatiri 1560-1648 |a Meppathur Narayana Bhattatiri 1560-1648 |a Narayana Bhattatiri, Meppathur 1560-1648 |a Bhattatiri, Meppathur Narayana 1560-1648 |a Bhattatiri, Narayana 1560-1648 |a Melpputtūr 1560-1648 |a Melputhoor 1560-1648 | ||
| 191 | |a 1 | ||
| 240 | 1 | 0 | |a Nārāyaṇīya |
| 242 | 1 | 0 | |a Hymns in praise of Krishna (Hindu deity) |y san |
| 245 | 1 | 0 | |a Śriman Nārāyaṇīyam |b = Shreeman Naaraayaneeyam |c [Meppathur Narayana Bhattathiri] |
| 246 | 1 | |i Ansetzungssachtitel |a Śriman Nārāyaṇīya | |
| 246 | 3 | 1 | |a Shreeman Naaraayaneeyam |
| 246 | 3 | 3 | |a Shreeman Naaraayaneeyam |
| 264 | 1 | |a Mumbai [u.a.] |b Giri Trading Agency |c 2003 | |
| 300 | |a 431 S. |c 25 cm | ||
| 336 | |a Text |b txt |2 rdacontent | ||
| 337 | |a ohne Hilfsmittel zu benutzen |b n |2 rdamedia | ||
| 338 | |a Band |b nc |2 rdacarrier | ||
| 500 | |a Author statement from prologue. - In Sanskrit (Devanagari and roman); translation and prologue in English. - Nebensacht.: Narayaneeyam, Bhagavatam retold | ||
| 583 | 1 | |a Archivierung prüfen |c 20200919 |f DE-640 |z 1 |2 pdager | |
| 583 | 1 | |a Archivierung/Langzeitarchivierung gewährleistet |f SSG |x XA-DE-BW |2 pdager |5 DE-21 | |
| 655 | 7 | |a Fiktionale Darstellung |0 (DE-588)1071854844 |0 (DE-627)82648378X |0 (DE-576)43337439X |2 gnd-content | |
| 689 | 0 | 0 | |d s |0 (DE-588)4051642-8 |0 (DE-627)106175920 |0 (DE-576)209094451 |2 gnd |a Sanskrit |
| 689 | 0 | 1 | |d s |0 (DE-588)4177717-7 |0 (DE-627)105346586 |0 (DE-576)20997964X |2 gnd |a Religiöse Lyrik |
| 689 | 0 | |5 (DE-627) | |
| 689 | 1 | 0 | |d p |0 (DE-588)118724479 |0 (DE-627)694894753 |0 (DE-576)209345411 |2 gnd |a Krischna |
| 689 | 1 | |5 (DE-627) | |
| 700 | 0 | 2 | |a Nārāyaṇabhaṭṭapāda |d 1560-1648 |t Nārāyaṇīya |
| 935 | |a mteo | ||
| 951 | |a BO | ||
| ELC | |b 1 | ||
| ITA | |a 1 |t 1 | ||
| LOK | |0 000 xxxxxcx a22 zn 4500 | ||
| LOK | |0 001 2437484930 | ||
| LOK | |0 003 DE-627 | ||
| LOK | |0 004 1179799291 | ||
| LOK | |0 005 20190312155916 | ||
| LOK | |0 008 040218||||||||||||||||ger||||||| | ||
| LOK | |0 040 |a DE-21 |c DE-627 |d DE-21 | ||
| LOK | |0 689 |a s |a Sprache: Sanskrit | ||
| LOK | |0 852 |a DE-21 | ||
| LOK | |0 852 1 |c 43 A 16574 |9 00 | ||
| LOK | |0 935 |a sued | ||
| LOK | |0 936ln |a s11.3 | ||
| LOK | |0 939 |a 18-02-04 |b l01 | ||
| ORI | |a SA-MARC-ixtheoa001.raw | ||
| REL | |a 1 | ||
| STA | 0 | 0 | |a Krishna,Kṛṣṇa,Religious poetry,Sanskrit language |
| STB | 0 | 0 | |a Poésie religieuse,Sanskrit |
| STC | 0 | 0 | |a Poesía religiosa,Poesías religiosas,Sánscrito |
| STD | 0 | 0 | |a Poesia religiosa,Sanscrito |
| STE | 0 | 0 | |a 宗教诗 |
| STF | 0 | 0 | |a 宗教詩,梵语会话手册 |
| STG | 0 | 0 | |a Poesia religiosa,Sânscrito |
| STH | 0 | 0 | |a Религиозная поэзия,Санскрит |
| STI | 0 | 0 | |a Θρησκευτική ποίηση,Σανσκριτική γλώσσα |
| SUB | |a REL | ||
| SYG | 0 | 0 | |a Krsna,Krishna,Govinda,Govindadeva,Govinddevji , Krishna,Kṛṣṇa |



